Cyberspace CBMs between Pakistan and India / (Record no. 566558)

000 -LEADER
fixed length control field 01024cam a2200301 i 4500
001 - CONTROL NUMBER
control field 18262016
003 - CONTROL NUMBER IDENTIFIER
control field CEME
005 - DATE AND TIME OF LATEST TRANSACTION
control field 20210628201610.0
008 - FIXED-LENGTH DATA ELEMENTS--GENERAL INFORMATION
fixed length control field 140811s2013 pk b 001 0 eng
010 ## - LIBRARY OF CONGRESS CONTROL NUMBER
LC control number 2014323741
020 ## - INTERNATIONAL STANDARD BOOK NUMBER
International Standard Book Number 9789698535216
025 ## - OVERSEAS ACQUISITION NUMBER
Overseas acquisition number P-E-2014323741; 28
037 ## - SOURCE OF ACQUISITION
Source of stock number/acquisition Library of Congress -- Islamabad Overseas Office
Terms of availability Rs 400
040 ## - CATALOGING SOURCE
Original cataloging agency DLC
Language of cataloging eng
Transcribing agency DLC
Description conventions rda
042 ## - AUTHENTICATION CODE
Authentication code lcode
-- pcc
043 ## - GEOGRAPHIC AREA CODE
Geographic area code a-pk---
-- a-ii---
050 00 - LIBRARY OF CONGRESS CALL NUMBER
Classification number U163
Item number .Y35 2013
100 1# - MAIN ENTRY--PERSONAL NAME
Personal name Yamin, Tughral,
Relator term author.
9 (RLIN) 1533
245 10 - TITLE STATEMENT
Title Cyberspace CBMs between Pakistan and India /
Statement of responsibility, etc. Tughral Yamin.
300 ## - PHYSICAL DESCRIPTION
Extent xvi, 275 pages ;
Dimensions 22 cm
504 ## - BIBLIOGRAPHY, ETC. NOTE
Bibliography, etc. note Includes bibliographical references (pages 243-275) and index.
650 #0 - SUBJECT ADDED ENTRY--TOPICAL TERM
Topical term or geographic name entry element Information warfare
Geographic subdivision Pakistan.
9 (RLIN) 55980
650 #0 - SUBJECT ADDED ENTRY--TOPICAL TERM
Topical term or geographic name entry element Information warfare
Geographic subdivision India.
9 (RLIN) 55981
650 #0 - SUBJECT ADDED ENTRY--TOPICAL TERM
Topical term or geographic name entry element Cyberspace
Geographic subdivision Pakistan.
9 (RLIN) 55982
650 #0 - SUBJECT ADDED ENTRY--TOPICAL TERM
Topical term or geographic name entry element Cyberspace
Geographic subdivision India.
9 (RLIN) 55983
710 2# - ADDED ENTRY--CORPORATE NAME
Corporate name or jurisdiction name as entry element National University of Sciences and Technology (Islāmābād, Pakistan)
9 (RLIN) 4252
942 ## - ADDED ENTRY ELEMENTS (KOHA)
Source of classification or shelving scheme
Koha item type Book
Holdings
Withdrawn status Lost status Source of classification or shelving scheme Damaged status Not for loan Permanent Location Current Location Shelving location Date acquired Total Checkouts Full call number Barcode Date last seen Price effective from Koha item type
          College of Electrical & Mechanical Engineering (CEME) College of Electrical & Mechanical Engineering (CEME) General Stacks 03/13/2017   006.3 TUG CEME-47683 06/28/2021 06/28/2021 Book
          College of Electrical & Mechanical Engineering (CEME) College of Electrical & Mechanical Engineering (CEME) General Stacks 03/13/2017   006.3 TUG CEME-47684 06/28/2021 06/28/2021 Book
© 2023 Central Library, National University of Sciences and Technology. All Rights Reserved.